[Event "81st ch-ESP Rapid 2016"]
[Site "Linares ESP"]
[Date "2016.08.14"]
[Round "5.8"]
[White "Suarez Uriel, Adrian"]
[Black "Andres Gonzalez, Alberto"]
[Result "1-0"]
[WhiteTitle "FM"]
[BlackTitle "IM"]
[WhiteElo "2311"]
[BlackElo "2512"]
[WhiteFideId "22230874"]
[BlackFideId "2212595"]
[EventDate "2016.08.14"]

1. e4 d5 2. exd5 Qxd5 3. Nc3 Qd8 4. d4 c6 5. Bc4 Nf6 6. Nf3 Bf5 7. Ne5 e6 8. g4
Bg6 9. h4 Nbd7 10. Qe2 Bb4 11. f3 Nxe5 12. dxe5 Nd5 13. Bxd5 exd5 14. h5 d4 15.
hxg6 dxc3 16. gxf7+ Kf8 17. O-O Qd4+ 18. Kg2 cxb2 19. Bxb2 Qxb2 20. Rab1 Qc3 21.
Rb3 Qd2 22. Qxd2 Bxd2 23. Rxb7 h5 24. e6 Rh6 25. Rd1 Bg5 26. Rd6 hxg4 27. Rxc6
gxf3+ 28. Kxf3 Rd8 29. Rxa7 Be7 30. Rca6 Bd6 31. Rxd6 Rf6+ 32. Ke4 1-0

[Event "81st ch-ESP Rapid 2016"]
[Site "Linares ESP"]
[Date "2016.08.14"]
[Round "5.9"]
[White "Matamoros Franco, Carlos S."]
[Black "Lopez Gonzalez, Daniel"]
[Result "1/2-1/2"]
[WhiteTitle "GM"]
[WhiteElo "2488"]
[BlackElo "2279"]
[WhiteFideId "3600017"]
[BlackFideId "2231948"]
[EventDate "2016.08.14"]

1. Nf3 d5 2. c4 e6 3. g3 Nf6 4. Bg2 dxc4 5. Qa4+ c6 6. Qxc4 b5 7. Qb3 Bb7 8. d4
Nbd7 9. O-O a6 10. Ne5 Nxe5 11. dxe5 Nd7 12. Nc3 Qc7 13. Ne4 c5 14. Nd6+ Bxd6
15. exd6 Qb6 16. Bxb7 Qxb7 17. Bg5 O-O 18. Rad1 c4 19. Qc2 f6 20. Bf4 Rfd8 21.
Rd2 Rac8 22. Rfd1 Qc6 23. h4 Nb6 24. e4 e5 25. Be3 Rd7 26. b4 Rcd8 27. Bc5 Na4
28. Rd5 Nb6 29. Bxb6 Qxb6 30. Qd2 Rc8 31. Qc3 Rc6 32. Qd2 c3 33. Qd3 c2 34. Rc1
Rdxd6 35. Rxc2 Rxc2 36. Qxc2 Rc6 37. Qd1 Rc8 38. h5 h6 39. Kg2 Qe6 40. a3 Kh7
41. Qf3 Rc4 42. Rd8 Rc8 43. Rd5 Rc4 44. g4 Rd4 45. Rxd4 exd4 46. Qd3 Qxg4+ 47.
Kf1 Qxh5 48. Qxd4 Qe5 49. Qe3 h5 50. f4 Qb2 51. e5 fxe5 52. fxe5 Qb1+ 53. Ke2
Qc2+ 54. Ke1 Qb1+ 55. Ke2 Qc2+ 56. Ke1 Qb1+ 57. Ke2 1/2-1/2

[Event "81st ch-ESP Rapid 2016"]
[Site "Linares ESP"]
[Date "2016.08.14"]
[Round "5.10"]
[White "Asis Gargatagli, Hipolito"]
[Black "Vega Gomez, Francisco B."]
[Result "1-0"]
[WhiteTitle "IM"]
[WhiteElo "2487"]
[BlackElo "2257"]
[WhiteFideId "2260735"]
[BlackFideId "2268086"]
[EventDate "2016.08.14"]

1. e4 d6 2. Nc3 e5 3. Bc4 Nf6 4. d3 c6 5. Nf3 Be7 6. a3 O-O 7. Ba2 Nbd7 8. O-O
Nc5 9. b4 Ne6 10. Rb1 Re8 11. Ne2 Bf8 12. Ng3 g6 13. Re1 Bg7 14. c3 Qc7 15. d4
h6 16. h3 Nf4 17. Be3 Be6 18. Bxe6 Nxe6 19. Qd2 Kh7 20. c4 exd4 21. Nxd4 Nxd4
22. Bxd4 Re6 23. Re2 Rae8 24. Rbe1 a6 25. Qd3 b5 26. cxb5 cxb5 27. Rc2 Qb7 28.
f3 d5 29. e5 Nd7 30. f4 Rc6 31. Rxc6 Qxc6 32. Qd2 Rc8 33. f5 Qc2 34. Qxc2 Rxc2
35. f6 Rc4 36. Rd1 Bf8 37. Nf1 a5 38. Ne3 axb4 39. Nxc4 bxc4 40. axb4 Bxb4 41.
Kf1 g5 42. Rb1 Ba5 43. Rb5 Bc7 44. Rxd5 Nf8 45. Rc5 Bb6 46. Rxc4 Bxd4 47. Rxd4
Kg6 48. g4 h5 49. Kf2 h4 50. Ke3 Ne6 51. Rc4 Kh7 52. Rb4 Kg6 53. Rb8 Kh7 54. Ke4
Nf4 55. Kf5 Nxh3 56. Rb3 Nf2 57. Rf3 Nd1 58. Kxg5 Nb2 59. e6 1-0

[Event "81st ch-ESP Rapid 2016"]
[Site "Linares ESP"]
[Date "2016.08.14"]
[Round "5.11"]
[White "Fernandez Borrego, Pablo"]
[Black "Forcen Esteban, Daniel"]
[Result "1-0"]
[WhiteTitle "FM"]
[BlackTitle "GM"]
[WhiteElo "2430"]
[BlackElo "2561"]
[WhiteFideId "2258285"]
[BlackFideId "2288230"]
[EventDate "2016.08.14"]

1. e4 c5 2. Nf3 e6 3. d4 cxd4 4. Nxd4 Nc6 5. Nc3 d6 6. g3 a6 7. Bg2 Bd7 8. O-O
Be7 9. Nb3 Nf6 10. Qe2 Qc7 11. f4 O-O 12. g4 Rfd8 13. g5 Ne8 14. Rf3 g6 15. Rh3
b5 16. a3 Na5 17. f5 Nc4 18. Bf4 Bc6 19. Re1 Bf8 20. fxe6 fxe6 21. Nd4 Bd7 22.
Be3 Rac8 23. Qf2 Nxe3 24. Qh4 h5 25. gxh6 Nxg2 26. Qf2 Be7 27. Qxg2 g5 28. Rf1
Qc5 29. Ne2 Nc7 30. b4 Qe5 31. Nf3 Qxe4 32. Ng3 Qe3+ 33. Kh1 Bc6 34. Nh5 Rf8 35.
Rg3 Kh8 36. c4 e5 37. h4 g4 38. Rxg4 Rxf3 39. Kh2 Rxf1 40. Re4 Bf8 41. cxb5 axb5 1-0

[Event "81st ch-ESP Rapid 2016"]
[Site "Linares ESP"]
[Date "2016.08.14"]
[Round "5.12"]
[White "Ladron De Guevara Pinto, Paolo"]
[Black "Suarez Garcia, Carlos"]
[Result "0-1"]
[WhiteTitle "FM"]
[BlackTitle "FM"]
[WhiteElo "2369"]
[BlackElo "2426"]
[WhiteFideId "2290847"]
[BlackFideId "22230858"]
[EventDate "2016.08.14"]

1. e4 c5 2. Nf3 e6 3. d4 cxd4 4. Nxd4 Nc6 5. Nb5 d6 6. c4 Nf6 7. N5c3 b6 8. g3
Bb7 9. Bg2 Be7 10. O-O O-O 11. b3 a6 12. Bb2 Qc7 13. Nd2 Rac8 14. Rc1 Qb8 15.
Re1 Ba8 16. Qe2 Rfd8 17. Red1 b5 18. cxb5 Nd4 19. Qe3 Nxb5 20. Na4 d5 21. exd5
Nxd5 22. Qe2 Rxc1 23. Rxc1 Nb4 24. Be5 Qa7 25. Bxa8 Qxa8 26. Nc4 Nd3 27. Rf1
Nxe5 28. Nxe5 Nd4 29. Qh5 g6 30. Qg4 f6 31. Nb6 Qb7 0-1

[Event "81st ch-ESP Rapid 2016"]
[Site "Linares ESP"]
[Date "2016.08.14"]
[Round "5.13"]
[White "Narciso Dublan, Marc"]
[Black "Fernandez Torre, Ivan"]
[Result "1-0"]
[WhiteTitle "GM"]
[WhiteElo "2482"]
[BlackElo "2164"]
[WhiteFideId "2201500"]
[BlackFideId "2229528"]
[EventDate "2016.08.14"]

1. d4 Nf6 2. c4 g6 3. Nc3 Bg7 4. e4 d6 5. Be2 O-O 6. Nf3 e5 7. d5 a5 8. Bg5 h6
9. Bh4 Na6 10. Nd2 Qe8 11. O-O Bd7 12. Kh1 Nh7 13. a3 f5 14. exf5 gxf5 15. Bh5
Qb8 16. Be7 Rc8 17. g4 Bf6 18. Bxf6 Nxf6 19. gxf5 Nc5 20. Rg1+ Kh7 21. Bg6+ Kh8
22. Qf3 Rf8 23. Qh3 Ng8 24. Rg5 Be8 25. Rag1 Kg7 26. Nce4 Bxg6 27. Rxg6+ Kf7 28.
Rg7+ 1-0

[Event "81st ch-ESP Rapid 2016"]
[Site "Linares ESP"]
[Date "2016.08.14"]
[Round "5.14"]
[White "Semenova, Elena1"]
[Black "Aranda Marin, Cristian"]
[Result "0-1"]
[WhiteTitle "WIM"]
[BlackTitle "FM"]
[WhiteElo "2256"]
[BlackElo "2350"]
[WhiteFideId "24125148"]
[BlackFideId "2205513"]
[EventDate "2016.08.14"]

1. e4 c5 2. Nf3 a6 3. c4 g6 4. Nc3 Bg7 5. d4 Nc6 6. Be3 cxd4 7. Nxd4 Nf6 8. Be2
O-O 9. O-O d6 10. Qd2 Nxd4 11. Bxd4 Be6 12. Rac1 Re8 13. Rfd1 Rc8 14. b3 Qa5 15.
Bxf6 exf6 16. Bd3 b5 17. Nb1 Qxd2 18. Nxd2 Bh6 19. Rc2 Bxd2 20. Rdxd2 bxc4 21.
bxc4 Rb8 22. Rc1 Rb6 23. f4 Reb8 24. Kf2 Kf8 25. Ke3 Ke7 26. Rcc2 Rb4 27. g3 Ra4
28. f5 Bd7 29. c5 dxc5 30. Rxc5 Ra3 31. Kf2 Rb6 32. Bc4 Rc6 33. Rcd5 Be8 34. Bb3
a5 35. R2d4 Rc7 36. Rc4 Rxc4 37. Bxc4 Rc3 38. Be2 a4 39. Rd3 Rc2 40. a3 Bb5 41.
Re3 Ra2 42. fxg6 fxg6 43. e5 f5 44. Kf3 Bxe2+ 45. Rxe2 Rxa3+ 46. Kf4 Rb3 47. Rc2
Rb7 48. Rc3 Ra7 49. Ra3 Ke6 50. h3 h6 51. h4 Ra5 52. Rd3 a3 53. Rd6+ Ke7 54. Rd1
Ra4+ 55. Kf3 a2 56. Ra1 Ke6 57. Ke3 Kxe5 58. Kf3 Ra3+ 59. Kf2 g5 60. hxg5 hxg5
61. Kg2 Kd4 62. Kf2 Ra8 0-1

[Event "81st ch-ESP Rapid 2016"]
[Site "Linares ESP"]
[Date "2016.08.14"]
[Round "5.15"]
[White "Valles Moreno, Ivan"]
[Black "Rubio Tent, Francisco"]
[Result "1-0"]
[WhiteTitle "IM"]
[WhiteElo "2447"]
[BlackElo "2199"]
[WhiteFideId "2205688"]
[BlackFideId "2238233"]
[EventDate "2016.08.14"]

1. e4 c6 2. d4 d5 3. Nd2 dxe4 4. Nxe4 Bf5 5. Ng3 Bg6 6. Nh3 Nf6 7. c3 e6 8. Nf4
Bd6 9. h4 Bxf4 10. Bxf4 h6 11. h5 Bh7 12. Qb3 Qb6 13. Bc4 O-O 14. O-O Nbd7 15.
Rfe1 a5 16. a3 Qxb3 17. Bxb3 a4 18. Bd1 Nb6 19. Be2 Nbd5 20. Bd2 Rfc8 21. Rac1
Ne7 22. Bf3 Nf5 23. Nf1 Nd6 24. Be2 c5 25. dxc5 Rxc5 26. Be3 Rcc8 27. Rcd1 Nc4
28. Bc1 Bf5 29. Rd4 b5 30. Ne3 Rd8 31. Nxf5 exf5 32. Rf4 Nd6 33. Rd1 Re8 34. Bf1
Rad8 35. Rfd4 Re6 36. Bf4 Nfe8 37. Bxb5 Rb8 38. Bxe8 Rg6 39. Ra1 1-0

[Event "81st ch-ESP Rapid 2016"]
[Site "Linares ESP"]
[Date "2016.08.14"]
[Round "5.16"]
[White "Queirolo Perez, Manuel"]
[Black "Espinosa Aranda, Angel"]
[Result "0-1"]
[BlackTitle "IM"]
[WhiteElo "2096"]
[BlackElo "2422"]
[WhiteFideId "3401219"]
[BlackFideId "2278189"]
[EventDate "2016.08.14"]

1. e4 c5 2. Nf3 d6 3. d4 cxd4 4. Nxd4 Nf6 5. Nc3 Bd7 6. Be2 g6 7. Be3 Bg7 8. g4
h5 9. gxh5 Nxh5 10. Qd2 Nc6 11. O-O-O Rc8 12. f4 Nxf4 13. Bxf4 Nxd4 14. Nd5
Rxc2+ 15. Qxc2 Nxc2 16. Kxc2 Be6 17. Kb1 O-O 18. h4 Bxd5 19. Rxd5 Qb6 20. Rd2 e5
21. Bg5 Rc8 22. Be7 Bf8 23. Bf6 Qe3 24. Rhd1 Bh6 25. Bg5 Bxg5 26. hxg5 Qxe4+ 27.
Bd3 Qf4 28. b3 d5 29. Bb5 d4 30. Bc4 Rc7 31. Re2 Qxg5 32. Rf1 Kg7 33. Ref2 f5
34. Bd5 e4 35. Rh1 d3 36. Rfh2 Kf6 37. Rh8 d2 38. Bc4 Qg4 39. Rd8 e3 40. Rd6+
Kg5 41. Kb2 Qg3 0-1

[Event "81st ch-ESP Rapid 2016"]
[Site "Linares ESP"]
[Date "2016.08.14"]
[Round "5.17"]
[White "Sanz Losada, Victoriano"]
[Black "Rodriguez Guerrero, Enrique"]
[Result "0-1"]
[WhiteTitle "CM"]
[WhiteElo "2020"]
[BlackElo "2426"]
[WhiteFideId "2202808"]
[BlackFideId "2216892"]
[EventDate "2016.08.14"]

1. d4 Nf6 2. c4 c5 3. Nf3 cxd4 4. Nxd4 e5 5. Nb5 d5 6. cxd5 Bc5 7. e3 O-O 8.
N1c3 a6 9. Na3 b5 10. Nc2 Bb7 11. b4 Bb6 12. e4 Qc7 13. Qd3 Bxf2+ 14. Kxf2 Qxc3
15. Rb1 Rc8 16. Ne3 Qd4 17. Qxd4 exd4 18. Nf5 Nxe4+ 19. Kg1 Re8 20. d6 Nc6 21.
Bd3 Nc3 22. Bd2 Nxb1 23. Bxb1 Re2 0-1

[Event "81st ch-ESP Rapid 2016"]
[Site "Linares ESP"]
[Date "2016.08.14"]
[Round "5.18"]
[White "Pardo Simon, David"]
[Black "Domingo Nunez, Alejandro"]
[Result "1/2-1/2"]
[WhiteTitle "IM"]
[BlackTitle "FM"]
[WhiteElo "2492"]
[BlackElo "2344"]
[WhiteFideId "2296276"]
[BlackFideId "22245561"]
[EventDate "2016.08.14"]

1. Nf3 Nf6 2. c4 g6 3. Nc3 Bg7 4. d4 d6 5. e4 O-O 6. Be2 e5 7. Be3 Nc6 8. d5 Ne7
9. Nd2 Ne8 10. f3 Kh8 11. b4 Ng8 12. c5 Bh6 13. Bf2 f5 14. Nc4 fxe4 15. Nxe4 Bf5
16. O-O Ngf6 17. Nc3 Qe7 18. Re1 Nh5 19. g3 Qf6 20. Bf1 Bg4 21. fxg4 Qxf2+ 22.
Kh1 Nxg3+ 23. hxg3 Qxg3 24. Ne4 Qh4+ 25. Kg1 Rf4 26. Bg2 Nf6 27. Nxf6 Qf2+ 28.
Kh1 Qh4+ 29. Kg1 Qf2+ 30. Kh1 Qh4+ 1/2-1/2

[Event "81st ch-ESP Rapid 2016"]
[Site "Linares ESP"]
[Date "2016.08.14"]
[Round "5.19"]
[White "Anaya Lopez, Gonzalo Javier"]
[Black "Cruz Lledo, Pablo"]
[Result "1-0"]
[BlackTitle "FM"]
[WhiteElo "1984"]
[BlackElo "2414"]
[WhiteFideId "22200053"]
[BlackFideId "2297361"]
[EventDate "2016.08.14"]

1. e4 c6 2. d3 d5 3. Bd2 e6 4. Nc3 Nf6 5. g3 Be7 6. Bg2 O-O 7. f4 b5 8. a3 a5 9.
Nf3 Ba6 10. e5 Nfd7 11. O-O f6 12. exf6 Bxf6 13. Rb1 b4 14. axb4 axb4 15. Ne2 c5
16. Kh1 Nc6 17. Re1 Re8 18. g4 g6 19. Ng3 b3 20. Bc3 bxc2 21. Qxc2 Rc8 22. Rbd1
Nd4 23. Bxd4 cxd4 24. Qa4 Nc5 25. Qa3 Qb6 26. Bf1 Nb3 27. Ne5 Ra8 28. Nd7 Qd8
29. Nxf6+ Qxf6 30. Qxb3 Qxf4 31. Bg2 Qxg4 32. Qb6 h5 33. Ne2 e5 34. Bxd5+ Kh7
35. Rg1 Qf5 36. Be4 Qe6 37. Qxe6 Rxe6 38. Bxa8 Rb6 39. Rd2 Bc8 1-0

[Event "81st ch-ESP Rapid 2016"]
[Site "Linares ESP"]
[Date "2016.08.14"]
[Round "5.20"]
[White "Vega Gutierrez, Sabrina"]
[Black "Almagro Llamas, Pablo"]
[Result "0-1"]
[WhiteTitle "IM"]
[BlackTitle "IM"]
[WhiteElo "2408"]
[BlackElo "2436"]
[WhiteFideId "2219026"]
[BlackFideId "2221799"]
[EventDate "2016.08.14"]

1. e4 c6 2. d4 d5 3. Nc3 dxe4 4. Nxe4 Nf6 5. Nxf6+ exf6 6. c3 Bd6 7. Bd3 O-O 8.
Ne2 Re8 9. Qc2 g6 10. h4 Nd7 11. h5 Nf8 12. Bh6 Be6 13. O-O-O Qa5 14. b3 c5 15.
d5 Bd7 16. hxg6 Nxg6 17. Bd2 b5 18. Rxh7 Kxh7 19. Rh1+ Kg7 20. Bh6+ Kg8 21. Bxg6
Rxe2 22. Bxf7+ Kxf7 23. Qh7+ Ke8 24. Qg8+ Ke7 25. Bf8+ Rxf8 0-1

[Event "81st ch-ESP Rapid 2016"]
[Site "Linares ESP"]
[Date "2016.08.14"]
[Round "5.21"]
[White "Garcia Molina, Francisco Miguel"]
[Black "Martinez Reyes, Pedro Ramon"]
[Result "1/2-1/2"]
[BlackTitle "FM"]
[WhiteElo "2166"]
[BlackElo "2365"]
[WhiteFideId "2278219"]
[BlackFideId "3901807"]
[EventDate "2016.08.14"]

1. d4 d5 2. Nf3 e6 3. e3 c5 4. b3 Nf6 5. Bb2 Ne4 6. Bd3 f5 7. O-O cxd4 8. exd4
Bd6 9. Ne5 O-O 10. Nd2 Nc6 11. Ndf3 Bd7 12. a3 Be8 13. c4 Bh5 14. Be2 Rc8 15.
Rc1 Qe7 16. Nxc6 bxc6 17. c5 Bf4 18. Rc2 Rb8 19. Bc1 Bc7 20. b4 Qf6 21. Qd3 Bxf3
22. Bxf3 e5 23. Bb2 exd4 24. Qxd4 Qh6 25. g3 a5 26. Bg2 Rfe8 27. f3 Nf6 28. Bc1
Qg6 29. Bf4 Bxf4 30. Qxf4 axb4 31. axb4 Nh5 32. Qd2 Qe6 33. Rb1 Nf6 34. Rcb2 Nd7
35. Bf1 Ne5 36. Kg2 f4 37. b5 fxg3 38. hxg3 Qf5 39. Be2 Rf8 40. bxc6 Nc4 41.
Bxc4 Qxf3+ 42. Kh2 Qh5+ 43. Kg2 Rxb2 44. Rxb2 dxc4 45. Qd4 Qf3+ 46. Kh2 c3 47.
Rc2 Qxc6 48. Qxc3 Rf5 49. Qb3+ Kf8 50. Qb8+ Kf7 51. Qb3+ Kg6 52. Qd3 Kf6 53.
Qd6+ Qxd6 54. cxd6 Rd5 55. Rc6 Ke6 56. Kh3 Rxd6 57. Rc7 Kf6 58. Rc4 Rd5 59. Rf4+
Kg6 60. Rb4 h5 61. Ra4 Kh6 62. Ra6+ g6 63. Rb6 Kg5 64. Rb4 Kf5 65. Rf4+ Ke5 66.
Rf8 Rd6 67. Kh4 Rd4+ 68. Kh3 Ke4 69. Rf4+ Ke3 70. Rxd4 Kxd4 71. Kh4 Ke4 72. Kg5
Kf3 73. Kxg6 Kxg3 74. Kxh5 1/2-1/2

[Event "81st ch-ESP Rapid 2016"]
[Site "Linares ESP"]
[Date "2016.08.14"]
[Round "5.22"]
[White "Jimenez Almeida, Luis David"]
[Black "Pazos Porta, Antonio"]
[Result "1-0"]
[BlackTitle "FM"]
[WhiteElo "2212"]
[BlackElo "2338"]
[WhiteFideId "22242244"]
[BlackFideId "2263190"]
[EventDate "2016.08.14"]

1. d4 Nf6 2. Nf3 g6 3. Bg5 Bg7 4. Nbd2 d5 5. e3 c6 6. b4 O-O 7. Be2 h6 8. Bh4
Bf5 9. O-O Nbd7 10. a4 Ne4 11. Nxe4 dxe4 12. Nd2 g5 13. Bg3 e5 14. c3 Qe7 15.
Qb3 Rfd8 16. a5 exd4 17. cxd4 Nf6 18. Rfc1 Be6 19. Qc2 Bd5 20. Rab1 Rac8 21. h3
Bf8 22. Nc4 Bxc4 23. Bxc4 a6 24. Be5 Bg7 25. Ba2 Nd7 26. Bg3 Nf6 27. Rb3 Nd5 28.
Qc5 Bf8 29. Bb1 Qe6 30. Qc2 Re8 31. Be5 f5 32. g4 Nxb4 33. Rxb4 Kf7 34. Qd1 Ra8 1-0

[Event "81st ch-ESP Rapid 2016"]
[Site "Linares ESP"]
[Date "2016.08.14"]
[Round "5.23"]
[White "Bernabeu Lopez, Carlos Javier"]
[Black "Latorre, Manuel"]
[Result "0-1"]
[BlackTitle "FM"]
[WhiteElo "2267"]
[BlackElo "2298"]
[WhiteFideId "2235366"]
[BlackFideId "3700844"]
[EventDate "2016.08.14"]

1. e4 c5 2. Nf3 Nc6 3. Bb5 g6 4. O-O Bg7 5. Re1 Nf6 6. Nc3 O-O 7. Bxc6 bxc6 8.
e5 Nd5 9. Ne4 d6 10. d3 f5 11. exf6 Nxf6 12. Nxf6+ exf6 13. b3 Bg4 14. h3 f5 15.
Rb1 Bh5 16. Bd2 Qd7 17. b4 f4 18. bxc5 d5 19. Qe2 Rae8 20. Qf1 Bxf3 21. gxf3 Bd4
22. Rxe8 Qxe8 23. Rb7 Bxc5 24. Qe1 Qc8 25. Bb4 Re8 26. Qxe8+ Qxe8 27. Bxc5 Qe2
28. Rxa7 Qxf3 29. Bd4 Qxh3 30. f3 Qg3+ 31. Kf1 Qxf3+ 32. Ke1 Qg2 33. Bf2 g5 34.
Re7 g4 0-1

[Event "81st ch-ESP Rapid 2016"]
[Site "Linares ESP"]
[Date "2016.08.14"]
[Round "5.25"]
[White "Valmana Canto, Jaime"]
[Black "Lopez Guerrero, Jose Miguel"]
[Result "1-0"]
[WhiteTitle "FM"]
[WhiteElo "2389"]
[BlackElo "2115"]
[WhiteFideId "2268990"]
[BlackFideId "2265567"]
[EventDate "2016.08.14"]

1. Nf3 c5 2. g3 g6 3. Bg2 Bg7 4. O-O Nc6 5. c4 Nf6 6. d4 cxd4 7. Nxd4 O-O 8. Nc2
d6 9. Nc3 a6 10. b3 Bd7 11. Bb2 Rb8 12. Nd5 Nxd5 13. Bxg7 Kxg7 14. cxd5 Ne5 15.
Qd2 Qb6 16. h3 Bc8 17. Nd4 Nd7 18. b4 Nf6 19. a4 Bd7 20. a5 Qd8 21. e4 Rc8 22.
f4 Rc4 23. e5 Ne8 24. e6 Bc8 25. exf7 Rxf7 26. Rac1 Rxc1 27. Rxc1 Bd7 28. Ne6+
Bxe6 29. dxe6 Rf6 30. Bxb7 Qb8 31. Bxa6 Qa7+ 32. Kh2 Qxa6 33. Qc3 Qe2+ 34. Kg1
Kh6 35. Re1 Qb5 36. Re4 Qf5 37. Qe3 Qxh3 38. f5+ Kg7 39. Rh4 Qxh4 40. gxh4 Rxf5
41. a6 Re5 42. Qc3 Nf6 43. a7 Nd5 44. Qxe5+ 1-0

[Event "81st ch-ESP Rapid 2016"]
[Site "Linares ESP"]
[Date "2016.08.14"]
[Round "5.26"]
[White "Martinez Piqueras, Carlos"]
[Black "Montoliu Cervero, Francisco"]
[Result "0-1"]
[BlackTitle "FM"]
[WhiteElo "2112"]
[BlackElo "2346"]
[WhiteFideId "2273381"]
[BlackFideId "2214814"]
[EventDate "2016.08.14"]

1. e4 c5 2. c3 Nf6 3. e5 Nd5 4. d4 cxd4 5. Qxd4 e6 6. Nf3 Nc6 7. Qe4 d6 8. Bb5
Bd7 9. c4 Nb6 10. exd6 Bxd6 11. Qg4 O-O 12. O-O a6 13. Rd1 Qe7 14. Bh6 f5 15.
Qxg7+ Qxg7 16. Bxg7 axb5 17. Rxd6 Kxg7 18. c5 Nb4 19. Na3 Bc6 20. cxb6 Kf6 21.
Nd4 Bd5 22. f4 Ke7 23. Naxb5 Rxa2 24. Rc1 Nc6 25. Nxc6+ Bxc6 26. Rdxc6 bxc6 27.
Rxc6 Rxb2 28. Nd4 Rd8 29. Rc7+ 0-1

[Event "81st ch-ESP Rapid 2016"]
[Site "Linares ESP"]
[Date "2016.08.14"]
[Round "5.27"]
[White "Blanco Acevedo, Cristobal Jose"]
[Black "Barrios Munoz, Rafael Carlos"]
[Result "1-0"]
[WhiteTitle "IM"]
[WhiteElo "2346"]
[BlackElo "2026"]
[WhiteFideId "3900525"]
[BlackFideId "2221136"]
[EventDate "2016.08.14"]

1. e4 e5 2. Nf3 Nc6 3. d4 exd4 4. Nxd4 Bc5 5. Nxc6 Qf6 6. f3 dxc6 7. Nc3 Bd4 8.
Bd2 Be6 9. Bd3 O-O-O 10. Qe2 Kb8 11. O-O-O Ne7 12. h4 h6 13. h5 Nc8 14. Kb1 Nb6
15. f4 Rhe8 16. e5 Qe7 17. a3 Qd7 18. Rde1 f6 19. Bg6 Re7 20. Qd3 fxe5 21. Bc1
Bc4 22. Qg3 Bg8 23. fxe5 Qe6 24. b3 a5 25. Rhf1 a4 26. Bf5 Qf7 27. Bg4 Qe8 28.
bxa4 Bxe5 29. Qh3 Nc4 30. Re4 Bxc3 31. Rxe7 Qxe7 32. Qxc3 Nb6 33. a5 Nd5 34. Qb2
Qc5 35. Bd2 Bh7 36. a6 b5 37. Bf3 Ka7 38. Re1 Kxa6 39. Bxd5 Qxd5 40. Be3 Bg8 41.
Bf4 Qxh5 42. Qc3 Rd1+ 43. Kb2 Rxe1 44. Qxc6+ Ka7 45. Qxc7+ Ka6 46. Qc8+ Kb6 47.
Bc7+ Kc5 48. Bg3+ Kd4 49. Qc3+ Kd5 50. Bxe1 Bh7 51. a4 Ke6 52. Ka3 b4+ 53. Kxb4
Qa5+ 54. Kxa5 Bd3 55. Qxg7 Kd5 1-0

[Event "81st ch-ESP Rapid 2016"]
[Site "Linares ESP"]
[Date "2016.08.14"]
[Round "5.28"]
[White "Mejuto De Ulloa, Jorge"]
[Black "Meneses Gonzalez, Kevin Moises"]
[Result "1/2-1/2"]
[BlackTitle "FM"]
[WhiteElo "2122"]
[BlackElo "2337"]
[WhiteFideId "2288370"]
[BlackFideId "2284502"]
[EventDate "2016.08.14"]

1. Nf3 Nf6 2. g3 g6 3. Bg2 Bg7 4. O-O O-O 5. d4 d6 6. Nbd2 Nbd7 7. b3 e5 8. e3
a5 9. a3 Re8 10. c4 Nf8 11. dxe5 dxe5 12. Bb2 e4 13. Nd4 Bg4 14. Qc2 Qe7 15. h3
Bd7 16. Rfd1 h5 17. Bc3 N8h7 18. b4 axb4 19. axb4 Rxa1 20. Rxa1 Ng5 21. Kh2 Bc8
22. Ra5 Ne6 23. Nxe6 Qxe6 24. Kg1 Qc6 25. Bxf6 Qxf6 26. Nxe4 Qe7 27. Qb3 Bxh3
28. Bxh3 Qxe4 29. Bg2 Qe7 30. Bxb7 h4 31. gxh4 Qxh4 32. Ra8 Rxa8 33. Bxa8 Be5
34. c5 Kg7 35. Bg2 g5 36. b5 g4 37. Qd5 Qe7 38. b6 cxb6 39. cxb6 g3 40. b7 Qc7
41. fxg3 Bxg3 42. Qd4+ Be5 43. Qg4+ Kf6 44. Qc8 Qb6 45. Qc6+ Qxc6 1/2-1/2

[Event "81st ch-ESP Rapid 2016"]
[Site "Linares ESP"]
[Date "2016.08.14"]
[Round "5.29"]
[White "Tejedor Fuente, Enrique"]
[Black "Suarez Triguero, Jose Alfonso"]
[Result "1-0"]
[WhiteTitle "FM"]
[WhiteElo "2377"]
[BlackElo "2100"]
[WhiteFideId "2299100"]
[BlackFideId "2231204"]
[EventDate "2016.08.14"]

1. d4 Nf6 2. Nf3 d6 3. c4 Bg4 4. Nbd2 Nbd7 5. h3 Bh5 6. Qb3 Qc8 7. e3 e5 8. g4
Bg6 9. Bg2 c6 10. Nh4 Be7 11. Nxg6 hxg6 12. Qc2 a5 13. O-O O-O 14. b3 exd4 15.
exd4 d5 16. g5 Nh5 17. cxd5 cxd5 18. Qxc8 Raxc8 19. Bxd5 Bxg5 20. Nc4 Bxc1 21.
Raxc1 Nf4 22. Bf3 a4 23. Kh2 axb3 24. axb3 b6 25. Nd6 Rxc1 26. Rxc1 Ne6 27. Nb5
Nf6 28. h4 Rd8 29. Rc4 Nf4 30. Kg3 N4d5 31. Rc6 Kf8 32. Kg2 Nf4+ 33. Kg3 N4d5
34. Kg2 Nf4+ 35. Kg1 N4d5 36. Kh2 Ke7 37. Na3 Rh8 38. Kg3 Kd7 39. Rc1 Nh5+ 40.
Bxh5 Rxh5 41. Nc4 f6 42. Ra1 g5 43. Ra7+ Kc6 44. hxg5 Rxg5+ 45. Kf3 Kb5 46. Ra4
Rf5+ 47. Ke4 Nc3+ 48. Kxf5 Nxa4 49. Nd6+ Kc6 50. bxa4 Kxd6 51. Kg6 Kd5 52. Kxg7
Kxd4 53. Kxf6 Kc4 54. Ke5 Kb4 55. f4 Kxa4 56. f5 b5 57. f6 b4 58. f7 b3 59. f8=Q
b2 60. Qf1 1-0

[Event "81st ch-ESP Rapid 2016"]
[Site "Linares ESP"]
[Date "2016.08.14"]
[Round "5.30"]
[White "Diaz Rodriguez, Jose Antonio"]
[Black "Almagro Mazariegos, Sebastian"]
[Result "0-1"]
[BlackTitle "FM"]
[WhiteElo "1951"]
[BlackElo "2303"]
[WhiteFideId "2222442"]
[BlackFideId "2221640"]
[EventDate "2016.08.14"]

1. e4 c5 2. Nf3 d6 3. c3 Nf6 4. Bd3 Nc6 5. O-O g6 6. h3 Bg7 7. Bc2 O-O 8. d3 Rb8
9. a4 a6 10. Bg5 b5 11. axb5 axb5 12. Qd2 b4 13. c4 Nd7 14. Bh6 Nde5 15. Nxe5
dxe5 16. Bxg7 Kxg7 17. Bd1 Qd4 18. Ba4 Ra8 19. Qc2 Qd6 20. b3 Nd4 21. Qb2 Bb7
22. Ra2 f5 23. f3 f4 24. Rd1 g5 25. Qf2 Bc8 26. Nd2 h5 27. Nf1 Rf6 28. Be8 Rxa2
29. Qxa2 g4 30. Bxh5 gxh3 31. gxh3 Bxh3 32. Nh2 Rh6 33. Kf2 Qf6 34. Rg1+ Kh7 35.
Ke1 Rxh5 36. Qa8 Rg5 0-1